[Event "Remote S7E-171 email"]
[Site "Remote email"]
[Date "2014.08.01"]
[Round "?"]
[White "Wittig, Frank"]
[Black "Langschmidt, Dirk"]
[Result "1-0"]
[WhiteElo "2293"]
[BlackElo "1960"]
[PlyCount "31"]
[EventDate "2014.??.??"]
[EventType "tourn (corr)"]
[EventRounds "6"]
[EventCountry "GER"]
[SourceTitle "Corr 2015"]
[Source "ChessBase"]
[SourceDate "2015.07.17"]
[SourceVersion "1"]
[SourceVersionDate "2015.07.17"]
[SourceQuality "1"]

1. e4 c5 2. Nf3 d6 3. Bc4 Nf6 4. Nc3 a6 5. 0-0 b5 6. Bd5 Nxd5 7. exd5 e5 8. dxe6 Bxe6 9. Re1 Be7 10. d4 0-0 11. Bf4 Nd7 12. dxc5 dxc5 13. Nd5 Bxd5 14. Qxd5 Nb6 15. Qc6 Ra7 16. Rad1 1-0

[Event "Remote 4er 0249 email"]
[Site "Remote email"]
[Date "2014.07.10"]
[Round "?"]
[White "Guenschmann, Martin"]
[Black "Wittig, Frank"]
[Result "0-1"]
[WhiteElo "2043"]
[BlackElo "2293"]
[PlyCount "48"]
[EventDate "2014.??.??"]
[EventType "tourn (corr)"]
[EventRounds "6"]
[EventCountry "GER"]
[SourceTitle "Corr 2015"]
[Source "ChessBase"]
[SourceDate "2015.07.17"]
[SourceVersion "1"]
[SourceVersionDate "2015.07.17"]
[SourceQuality "1"]

1. g4 d5 2. g5 Nc6 3. Nf3 h6 4. d4 Bf5 5. h4 hxg5 6. Nxg5 f6 7. Be3 fxg5 8. Bxg5 Nf6 9. Bg2 Ne4 10. c4 dxc4 11. d5 Nxg5 12. Nc3 Ne5 13. hxg5 Rxh1+ 14. Bxh1 Qd6 15. Be4 Bxe4 16. Nxe4 Qb4+ 17. Qd2 Qxd2+ 18. Nxd2 0-0-0 19. f4 Ng4 20. Rc1 e5 21. fxe5 Nxe5 22. Nxc4 Rxd5 23. Nxe5 Rxe5 24. Rd1 Bb4+ 0-1

[Event "Remote S7E-170 email"]
[Site "Remote email"]
[Date "2014.07.07"]
[Round "?"]
[White "Wittig, Frank"]
[Black "Tortoza, Carlos Alberto"]
[Result "1-0"]
[WhiteElo "2293"]
[BlackElo "1632"]
[PlyCount "57"]
[EventDate "2014.??.??"]
[EventType "tourn (corr)"]
[EventRounds "6"]
[EventCountry "GER"]
[SourceTitle "Corr 2015"]
[Source "ChessBase"]
[SourceDate "2015.07.17"]
[SourceVersion "1"]
[SourceVersionDate "2015.07.17"]
[SourceQuality "1"]

1. e4 c5 2. Nf3 d6 3. Bc4 e6 4. d4 cxd4 5. Qxd4 Nc6 6. Qd3 Nf6 7. Nc3 Be7 8. 0-0 0-0 9. Bf4 Nh5 10. Be3 a6 11. a4 Na5 12. Rfd1 Nxc4 13. Qxc4 Bd7 14. e5 d5 15. Qb3 Bc6 16. g4 d4 17. Nxd4 Bd5 18. Nxd5 exd5 19. Nf5 g6 20. Rxd5 Qc7 21. Bb6 Qb8 22. Nxe7+ Kg7 23. gxh5 Qe8 24. Qb4 Qb8 25. h6+ Kh8 26. e6 f6 27. Nc8 Qxc8 28. Qe7 Rg8 29. Qxf6+ 1-0

[Event "Remote S7E Adv-141 email"]
[Site "Remote email"]
[Date "2014.05.10"]
[Round "?"]
[White "Wittig, Frank"]
[Black "Skorna, Ullrich"]
[Result "1/2-1/2"]
[WhiteElo "2293"]
[BlackElo "2353"]
[PlyCount "79"]
[EventDate "2014.??.??"]
[EventType "tourn (corr)"]
[EventRounds "6"]
[EventCountry "GER"]
[SourceTitle "Corr 2015"]
[Source "ChessBase"]
[SourceDate "2015.07.17"]
[SourceVersion "1"]
[SourceVersionDate "2015.07.17"]
[SourceQuality "1"]

1. d4 Nf6 2. c4 e6 3. Nf3 b6 4. Nc3 Bb4 5. g3 Ba6 6. Qa4 c5 7. Bg2 Bb7 8. 0-0 0-0 9. Bf4 Bxc3 10. bxc3 d6 11. Rfd1 Bc6 12. Qb3 Nh5 13. Bg5 Qc7 14. d5 h6 15. dxc6 hxg5 16. Nxg5 Nxc6 17. Qa4 Rac8 18. Rd2 Na5 19. Rad1 Nf6 20. Rxd6 Rfd8 21. Rxd8+ Rxd8 22. Rd3 g6 23. h4 Rd6 24. Bf1 Kg7 25. e3 Rxd3 26. Bxd3 Qd6 27. Qc2 Ng4 28. Ne4 Qe7 29. Be2 Ne5 30. Nd2 f5 31. e4 Nf7 32. Qd3 f4 33. Nf3 fxg3 34. fxg3 Nc6 35. Qd2 Qd6 36. Kf2 Qxd2 37. Nxd2 Nce5 38. g4 g5 39. h5 Nd7 40. Kg3 1/2-1/2

[Event "Remote Easter Gr.E email"]
[Site "Remote email"]
[Date "2014.05.01"]
[Round "?"]
[White "Dorn, Norbert"]
[Black "Wittig, Frank"]
[Result "1-0"]
[WhiteElo "2115"]
[BlackElo "2293"]
[PlyCount "47"]
[EventDate "2014.??.??"]
[EventType "tourn (corr)"]
[EventRounds "8"]
[EventCountry "GER"]
[SourceTitle "Corr 2015"]
[Source "ChessBase"]
[SourceDate "2015.07.17"]
[SourceVersion "1"]
[SourceVersionDate "2015.07.17"]
[SourceQuality "1"]

1. e4 e5 2. Nf3 Nc6 3. Bb5 a6 4. Ba4 Nf6 5. 0-0 b5 6. Bb3 Bb7 7. d3 Bd6 8. Nc3 0-0 9. a4 Na5 10. axb5 Nxb3 11. cxb3 axb5 12. Rxa8 Qxa8 13. Nxb5 Be7 14. Nxc7 Qa5 15. Nd5 Nxd5 16. exd5 Qxd5 17. Re1 f6 18. Re4 Rb8 19. Ne1 Qf7 20. Rg4 Bd5 21. Bh6 Bxb3 22. Qc1 Bf8 23. Qc7 Qe7 24. Qxb8 1-0

[Event "Remote-ch Class2 Gr.A email"]
[Site "Remote email"]
[Date "2014.04.20"]
[Round "?"]
[White "Buchmann, Hans Peter"]
[Black "Wittig, Frank"]
[Result "0-1"]
[WhiteElo "2118"]
[BlackElo "2293"]
[PlyCount "70"]
[EventDate "2014.??.??"]
[EventType "tourn (corr)"]
[EventRounds "10"]
[EventCountry "GER"]
[SourceTitle "Corr 2015"]
[Source "ChessBase"]
[SourceDate "2015.07.17"]
[SourceVersion "1"]
[SourceVersionDate "2015.07.17"]
[SourceQuality "1"]

1. d4 d5 2. c4 e6 3. Nc3 Nf6 4. Nf3 Nc6 5. Bd2 Bd6 6. Bg5 dxc4 7. e4 h6 8. Bxf6 gxf6 9. Bxc4 Qe7 10. 0-0 Bd7 11. Nb5 0-0-0 12. Qc1 Bb4 13. Nc3 Kb8 14. a3 Ba5 15. Rd1 Bb6 16. b4 Be8 17. Ne2 h5 18. Rd3 a6 19. h3 Qf8 20. Qf4 Qg7 21. Rad1 Rg8 22. Qg3 Qh8 23. Qh4 Ne7 24. Nf4 Qg7 25. Re1 Nc6 26. g3 Nxd4 27. Nxh5 Qh8 28. Qxf6 Nxf3+ 29. Qxf3 Rxd3 30. Bxd3 Qc3 31. Kf1 Bb5 32. Rd1 Rd8 33. Nf4 Rd4 34. Kg1 Qxa3 35. Kg2 e5 0-1

[Event "Remote S7E Adv-139 email"]
[Site "Remote email"]
[Date "2014.01.20"]
[Round "?"]
[White "Galje, Hans"]
[Black "Wittig, Frank"]
[Result "1/2-1/2"]
[WhiteElo "2201"]
[BlackElo "2313"]
[PlyCount "46"]
[EventDate "2014.??.??"]
[EventType "tourn (corr)"]
[EventRounds "6"]
[EventCountry "GER"]
[SourceTitle "Corr 2015"]
[Source "ChessBase"]
[SourceDate "2015.07.17"]
[SourceVersion "1"]
[SourceVersionDate "2015.07.17"]
[SourceQuality "1"]

1. d4 d5 2. c4 e6 3. Nc3 Nf6 4. cxd5 exd5 5. Bg5 Be7 6. e3 0-0 7. Bd3 h6 8. Bh4 c5 9. dxc5 Nbd7 10. Nge2 Nxc5 11. 0-0 Be6 12. Bc2 Rc8 13. Nf4 Rc6 14. f3 g5 15. Nxe6 Nxe6 16. Bf2 Bc5 17. Ne2 Qb6 18. Qd2 d4 19. exd4 Nxd4 20. Nxd4 Rd8 21. Rad1 Rcd6 22. Qc3 Bxd4 23. Rxd4 Rxd4 1/2-1/2

[Event "Remote 7er 0101 email"]
[Site "Remote email"]
[Date "2014.01.02"]
[Round "?"]
[White "Richter, Wolfgang"]
[Black "Wittig, Frank"]
[Result "0-1"]
[WhiteElo "2348"]
[BlackElo "2293"]
[PlyCount "92"]
[EventDate "2014.??.??"]
[EventType "tourn (corr)"]
[EventRounds "6"]
[EventCountry "GER"]
[SourceTitle "Corr 2015"]
[Source "ChessBase"]
[SourceDate "2015.07.17"]
[SourceVersion "1"]
[SourceVersionDate "2015.07.17"]
[SourceQuality "1"]

1. e4 e5 2. Nf3 Nc6 3. Bb5 a6 4. Ba4 b5 5. Bb3 Nf6 6. 0-0 Bb7 7. d3 Bd6 8. a4 Na5 9. Ba2 0-0 10. Be3 b4 11. Nbd2 Ng4 12. Bg5 Be7 13. Bxe7 Qxe7 14. Nd4 Qh4 15. N2f3 Qf6 16. Nf5 g6 17. Ng3 Kg7 18. h3 Nh6 19. c3 bxc3 20. bxc3 Qe7 21. Qd2 f5 22. Rfe1 f4 23. Nf1 d6 24. d4 Ng8 25. c4 Nc6 26. d5 Nd8 27. c5 Bc8 28. c6 g5 29. Qa5 h5 30. N3d2 Nf6 31. Rab1 Ne8 32. Qc3 g4 33. hxg4 hxg4 34. g3 f3 35. Bb3 Nf7 36. Bd1 Ng5 37. Qe3 Nh3+ 38. Kh1 Rh8 39. Nh2 Nf6 40. Rb2 Kg6 41. Ndxf3 gxf3 42. Bxf3 Ng5 43. Kg2 Qh7 44. Rh1 Ng4 45. Bxg4 Bxg4 46. f3 Bxf3+ 0-1

[Event "Remote-ch 2013 email"]
[Site "Remote email"]
[Date "2013.10.01"]
[Round "1"]
[White "Wittig, Frank"]
[Black "Richter, Wolfgang"]
[Result "0-1"]
[WhiteElo "2313"]
[BlackElo "2398"]
[PlyCount "88"]
[EventDate "2013.??.??"]
[EventType "tourn (corr)"]
[EventRounds "6"]
[EventCountry "GER"]
[SourceTitle "Corr 2015"]
[Source "ChessBase"]
[SourceDate "2015.07.17"]
[SourceVersion "1"]
[SourceVersionDate "2015.07.17"]
[SourceQuality "1"]

1. d4 Nf6 2. c4 e6 3. Nc3 Bb4 4. Nf3 b6 5. e3 Bb7 6. Bd2 Bxc3 7. Bxc3 Ne4 8. Bd3 Nxc3 9. bxc3 0-0 10. 0-0 d6 11. Qc2 Bxf3 12. gxf3 f5 13. Kh1 Nd7 14. Rg1 g6 15. a4 a5 16. f4 Qe7 17. Rab1 Rae8 18. Rg3 Kh8 19. Rbg1 Rg8 20. Be2 e5 21. fxe5 dxe5 22. Bf3 Nf6 23. Rd1 Qe6 24. dxe5 Qxe5 25. Rd4 c5 26. Rf4 Rd8 27. h4 h5 28. Rg1 Rd6 29. Rd1 Rgd8 30. Rxd6 Rxd6 31. Kg2 Kg7 32. Bb7 Qe6 33. Bf3 Qe7 34. Bd5 Qe8 35. Bf3 Qd7 36. Bd5 Nxd5 37. cxd5 Rxd5 38. Qb2 Rd6 39. Kg3 Qe7 40. c4+ Kg8 41. Kf3 Qb7+ 42. Kg3 Rd1 43. f3 Qc7 44. Qf6 Qd6 0-1